Historical Anagrams Quiz Stats

Quiz Updated Aug 16, 2016

Challenge
Share
Tweet
Embed
Score 0/30 Timer 06:00
5 Plays Today
Mixed Word Answer % Correct
World Leaders in the 1940sHITLER
91.1%
World Leaders in the 1940sROOSEVELT
88%
World Leaders in the 1940sCHURCHILL
85.8%
World Leaders in the 1940sSTALIN
85.4%
Former Country NamesZAIRE
76.9%
Twentieth-Century Civil WarsAFGHAN
73.7%
Former Country NamesYUGOSLAVIA
73.2%
Famous InventorsOTIS
72.2%
World Leaders in the 1940sHIROHITO
72.1%
Parts of a Medieval FortificationTURRET
72.1%
Famous InventorsFARADAY
61.9%
Renaissance ArtistsMICHELANGELO
61.9%
Twentieth-Century Civil WarsSPANISH
56.2%
Famous InventorsVOLTA
51.9%
Renaissance ArtistsRAPHAEL
49.5%
Mixed Word Answer % Correct
Renaissance ArtistsDONATELLO
48.8%
Renaissance ArtistsBOTTICELLI
47.9%
Twentieth-Century Civil WarsKOREAN
45.5%
Twentieth-Century Civil WarsCHINESE
44.4%
Former Country NamesABYSSINIA
38.1%
Former Country NamesFORMOSA
35.2%
Former Country NamesPERSIA
32.3%
Parts of a Medieval FortificationWATCHTOWER
28.7%
Parts of a Medieval FortificationPALISADE
24.8%
Famous InventorsGUTENBERG
22.9%
Parts of a Medieval FortificationPORTCULLIS
17.3%
Parts of a Medieval FortificationBASTION
17.2%
Twentieth-Century Civil WarsCAMBODIAN
15.5%
Famous InventorsGILLETTE
14.3%
Renaissance ArtistsVASARI
14%

You're not logged in!

Compare scores with friends on all Sporcle quizzes.
Join for Free
OR
Log In

You Might Also Like...

Show Comments

Extras

Top Quizzes Today


Score Distribution

Your Account Isn't Verified!

In order to create a playlist on Sporcle, you need to verify the email address you used during registration. Go to your Sporcle Settings to finish the process.

Report this User

Report this user for behavior that violates our Community Guidelines.

Details: